000 00590nam a22002297a 4500
003 UA-OsUOA
001 98897
007 ta
008 20130422b un ||||| |||| 00| 0 ukr d
100 _aРывлин А.
090 _a821.161.1
_bР93
942 _cBK
040 _aUA-OsUOA
_brus
_cUA-OsUOA
_dUA-OsUOA
245 _aПоздний ледоход
_bстихи
300 _a207 с.
955 _a3
041 _arus
080 _a821.161.1
260 _aК.
_bДніпро
_c1983
650 7 _a82 Література. Літературознавство
_2UDC
999 _c384690
_d384690